True or False Blitz: Literature Quiz Stats

 Plays Quiz Updated Jun 14, 2017

Support Sporcle.
Go Orange.
Score 0/20 Timer 02:00
0 Plays Today
Question Answer Wrong Answers
BOOK
'I Know Why the Caged Bird Sings' was written by Maya Angelou.
True
83.8%
False
8.7%
PLAY
Willy Loman is the protagonist of 'Death of a Salesman'.
True
78%
False
14.6%
AUTHOR
Chinua Achebe was born in Nigeria.
True
75.8%
False
16.8%
CHILDREN'S BOOKS
Roald Dahl wrote 'Matilda' after 'Charlie and the Chocolate Factory'.
True
72.6%
False
20%
CHILDREN'S BOOKS
'Where the Wild Things Are' was written by E.B. White.
False
72.1%
True
20.6%
YOUNG ADULT
In the 'Twilight' series, Bella's surname is Fox
False
68.5%
True
24.1%
NOVEL
'The Tale of Genji' was written by a Japanese woman in the 11th Century.
True
67.3%
False
25.3%
NOVEL
'Life of Pi' was written by Yann Martel.
True
66%
False
26.7%
AUTHOR
'Rabbit, Run' was a novel by John Steinbeck.
False
64.3%
True
28.4%
LITERARY CHARACTER
Lady Honoria Dedlock was a character in 'Bleak House'.
True
62.1%
False
30.3%
HARRY POTTER
Professor Sprout was the Head of Ravenclaw House.
False
61.6%
True
31%
SHAKESPEARE
Falstaff was a character in 'The Merry Wives of Windsor'.
True
61.2%
False
31.2%
POEM
'Do not go gentle into that good night' was written by W. H. Auden.
False
61.2%
True
31.4%
POEM
The 'Aeneid' was written by Homer.
False
53.8%
True
38.9%
LORD OF THE RINGS
GrĂ­ma Wormtongue was a character who was in the films, but was not actually in the original book.
False
53.1%
True
39.3%
AUTHOR
'Robinson Crusoe' was written by the same author as 'Moll Flanders'.
True
52.5%
False
40%
AUTHOR
Jane Austen had eight completed novels published.
False
46.9%
True
45.8%
SHAKESPEARE
Shakespeare did not write any plays that begin with the letter 'J'.
False
45.4%
True
47.5%
AUTHOR
Victor Hugo's first novel was published in the 18th century.
False
38.9%
True
53.9%
NOVEL
'Angels & Demons' was the sequel to 'The Da Vinci Code'.
False
32.4%
True
60.4%

You're not logged in!

Compare scores with friends on all Sporcle quizzes.
OR
Log In
Forgot?

From the Vault

Match 'Em Up: Movie Mentors

by aquascape

With great wisdom comes great movie quotes.
Remove Ads.
Support Sporcle.
Get the best of Sporcle when you Go Orange. This ad-free experience offers more features, more stats, and more fun while also helping to support Sporcle. Thank you for becoming a member.

Show Comments

Extras

Top Quizzes Today


Score Distribution

Your Account Isn't Verified!

In order to create a playlist on Sporcle, you need to verify the email address you used during registration. Go to your Sporcle Settings to finish the process.

Report this User

Report this user for behavior that violates our Community Guidelines.

Details: